000
00321nam a22001217a 4500
008
181127b xxu||||| |||| 00| 0 eng d
041
_a
eng
080
_a
043.3
100
_a
0
101
_a
BTH-SHKI
245
_a
Digjitalizmi i shërbimeve komunikuese në kuadër të doganave të Kosovës
_c
Gjergji,B
942
_2
udc
_c
BK
999
_c
52598
_d
52598